Biblioteca

Compendio Portavoz de teología (Registro nro. 71190)

Detalles MARC
000 -LÍDER
Campo fijo de descripción fija 02735nam a2200361 i 4500
001 - NÚMERO DE CONTROL
Campo de control 768714001
003 - IDENTIFICADOR DEL NÚMERO DE CONTROL
Campo de control CO-MdFUSB
005 - FECHA Y HORA DE LA ULTIMA TRANSACCIÓN
control field 20260416152703.0
007 - CAMPO FIJO DE DESCRIPCIÓN FIJA--INFORMACIÓN GENERAL
Campo fijo de descripción fija ta
008 - ELEMENTOS DE LONGITUD FIJA -- INFORMACIÓN GENERAL
Campo fijo de descripción fija -- Información general 241114t2010 -usa|||| |||| 001 0 spa d
020 ## - NÚMERO INTERNACIONAL NORMALIZADO PARA LIBROS
Número Internacional Normalizado del libro 978-0-8254-1223-3
040 ## - FUENTE DE CATALOGACIÓN
Idioma de catalogación spa.
Agencia de catalogación original CO-MdFUSB
Agencia que realiza la transcripción CO-MdFUSB
Agencia que realiza la modificación CO-MdFUSBC
Convenciones de la descripción rda
041 ## - CÓDIGO DE IDIOMA
Código de idioma para texto/pista de sonido o título separado spa
Código de idioma original eng
082 ## - NÚMERO DE CLASIFICACIÓN DECIMAL DEWEY
Número de la edición del Dewey 23
Número de clasificación 230.041
Clave de autor-Numero de item EN59
100 ## - ASIENTO PRINCIPAL--NOMBRE PERSONAL
Nombre personal Enns, Paul P.,
Fechas asociadas con el nombre 1937-
Término relacionador autor
240 ## - TITULO UNIFORME
Título uniforme <a href="he Moody Handbook of Theology. Revised and expanded. ">he Moody Handbook of Theology. Revised and expanded. </a>
245 ## - TÍTULO
Título del Material Compendio Portavoz de teología
Mención de responsabilidad, etc. / Paul Enns ; traducido por Daniel Andrés Díaz Pachón
264 #1 - PRODUCCIÓN, PUBLICACIÓN, DISTRIBUCIÓN, MANUFACTURA, Y COPYRIGHT
Lugar de producción, publicación, distribución, manufactura Grand Rapids, Michigan :
Nombre del productor, publicador, distribuidor Portavoz,
Fecha de producción, publicación, distribución, manufactura, o copyright [2010]
264 #4 - PRODUCCIÓN, PUBLICACIÓN, DISTRIBUCIÓN, MANUFACTURA, Y COPYRIGHT
Fecha de producción, publicación, distribución, manufactura, o copyright ©2010
300 ## - DESCRIPCIÓN FÍSICA
Extensión 734 páginas
Otros detalles físicos : ilustraciones
Dimensiones ; 24 cm
336 ## - TIPO DE CONTENIDO
Fuente rdacontent
Término de tipo de contenido texto
Código de tipo de contenido txt
337 ## - TIPO DE MEDIO
Fuente rdamedia
Nombre del tipo de medio sin mediación
Código del tipo de medio n
338 ## - TIPO DE SOPORTE
Fuente rdacarrier
Nombre del tipo de soporte volumen
Código Tipo de soporte nc
500 ## - NOTA GENERAL
Nota General Incluye índice de gráficos, ilustraciones
505 ## - NOTA DE CONTENIDO
Título Teología Bíblica:
Nota de contenido con formato preestablecido Introducción a la teología del Antiguo Testamento -- Teología de la era edenica -- Teología de la era noética -- Teología de la era patriarcal -- Teología de la era mosaica -- Teología de la era monárquica -- Teología de la era profética -- Introducción a la teología del Nuevo Testamento -- Teología de los Sinópticos -- Teología de Hechos -- Teología de Santiago -- Teología de Pablo -- Teología de Hebreos -- Teologías de Pedro y Judas -- Teología de Juan.
Título Teología Sistemática:
Nota de contenido con formato preestablecido Introducción a la teología sistemática -- Bibliología: Doctrina de la Biblia -- Teología Propia: Doctrina de Dios -- Cristología: Doctrina de Cristo -- Pneumatología: Doctrina del Espíritu Santo -- Angelología: Doctrinas de los ángeles, Satanás y los demonios -- Antropología y Hamartología: Doctrinas del hombre y el pecado -- Soteriología: Doctrina de la Salvación -- Eclesiología: Doctrina de la Iglesia -- Escatología: Doctrina de los últimos tiempos.
Título Teología Histórica:
Nota de contenido con formato preestablecido Introducción a la teología histórica -- Teología Antigua -- Teología medieval -- Teología de la Reforma -- Teología moderna.
Título Teología Dogmática:
Nota de contenido con formato preestablecido Teología católica romana dogmática -- Parte 5: Teología Contemporánea -- Introducción a la teología contemporánea -- Teología liberal -- Teología neo-ortodoxa -- Teologías radicales -- Teología historicista -- Teologías socialistas -- Teología católica -- Teología conservadora -- Feminismo evangélico -- Teología carismática -- La Iglesia emergente.
563 ## - NOTA DE ENCUADERNACIÓN
Nota de encuadernación Pasta dura
653 ## - TÉRMINO DE INDIZACIÓN - NO CONTROLADO
Término no controlado Teología sistemática
653 ## - TÉRMINO DE INDIZACIÓN - NO CONTROLADO
Término no controlado Teología histórica
653 ## - TÉRMINO DE INDIZACIÓN - NO CONTROLADO
Término no controlado Teología bíblica
700 ## - ASIENTO SECUNDARIO - NOMBRE PERSONAL
Nombre personal Díaz Pachón, Daniel Andrés,
9 (RLIN) 11083
Responsabilidad traductor
942 ## - TIPO DE MATERIAL (KOHA)
Tipo de Item KOHA Libros General
945 ## - INFORMACIÓN LOCAL DEL REGISTRO
Catalogador Catherine Arias Alvarez
Existencias
Estado de Material Estado de Perdido Forma de Clasificación Volumen-Parte/Tomo Estado de Dañado No para Préstamo Colección Biblioteca de Origen Biblioteca Permanente Fecha de Adquisición Área Total de Préstamos Signatura Topográfica Código de Barras Última vez visto Ejemplar/Existencia Fecha de Remplazo Tipo de Material Nota Pública
    Dewey Decimal Classification     Novedades Colección General Biblioteca FUSBC Biblioteca FUSBC 14/11/2024 TEOLOGÍA CRISTIANA   G 230.041 EN59c 25274 14/11/2024 Ej. 1 14/11/2024 Libros General Libro ubicado en estante de novedades

Biblioteca FUSBC | Teléfono: (57+4) 349 88 10 Ext. 141| WhatsApp (+57) 3005338115 
E-mail: biblioteca@unisbc.edu.co | Calle 76 87-14 Robledo Palenque, Medellín, Colombia

Con tecnología Koha